Русско-английский словарь по экономике

Bibliografiske detaljer
Hovedforfatter: А. А. Тимошина
Summary:Книга находится в премиум-версии платформы «Русский как иностранный».
Русско-английский словарь по экономике содержит термины и терминологические словосочетания, охватывающие различные аспекты экономической деятельности и основные направления экономических теорий. В него включены краткие пояснения терминов и терминологических выражений, перекрёстные ссылки, помогающие правильному выбору адекватного английского слова. Для специалистов, работающих в разных областях экономики, а также для студентов, аспирантов и преподавателей английского языка экономических вузов и широкого круга лиц, интересующихся проблемами экономики.
Гарантированный срок размещения на платформе до 01.07.2027 (автопролонгация)
Udgivet: Москва, Московский государственный университет имени М.В. Ломоносова, 2009
Udgivelse:Русско-английский словарь по экономике
Fag:
Online adgang:Перейти к просмотру издания
Format: MixedMaterials Electronisk

MARC

LEADER 00000 a2200000 4500
001 RU/ROS-EDU.RU/13156
856 4 |u https://www.ros-edu.ru/book?id=13156  |z Перейти к просмотру издания 
010 |a 978-5-211-05407-3 
205 |a Русско-английский словарь по экономике  |b 2027-07-01 
333 |a Гарантированный срок размещения на платформе до 01.07.2027 (автопролонгация) 
100 |a 20090101d2009 |||y0rusy0250   |s 2027-07-01 
105 |a y z 000zy 
101 0 |a rus 
102 |a RU 
200 1 |a Русско-английский словарь по экономике  |b Электронный ресурс  |f А. А. Тимошина 
700 1 |b А. А.  |a Тимошина  |4 070 
330 |a Русско-английский словарь по экономике содержит термины и терминологические словосочетания, охватывающие различные аспекты экономической деятельности и основные направления экономических теорий. В него включены краткие пояснения терминов и терминологических выражений, перекрёстные ссылки, помогающие правильному выбору адекватного английского слова. Для специалистов, работающих в разных областях экономики, а также для студентов, аспирантов и преподавателей английского языка экономических вузов и широкого круга лиц, интересующихся проблемами экономики. 
210 |a Москва  |c Московский государственный университет имени М.В. Ломоносова  |d 2009 
610 1 |a Русско-английский словарь 
610 1 |a экономика 
610 1 |a пояснения терминов 
610 1 |a перекрестные ссылки 
675 |a 801.3 
686 |a 81.2  |2 rubbk 
300 |a Книга находится в премиум-версии платформы «Русский как иностранный». 
215 |a 512 с.